[Event "Voronezh op-B 20th"]
[Site "Voronezh"]
[Date "2016.06.21"]
[Round "9"]
[White "Makarenko, Elizaveta"]
[Black "Rudakov, Sergey S"]
[Result "0-1"]
[WhiteElo "1266"]
[BlackElo "1410"]
[PlyCount "122"]
[EventDate "2016.06.12"]
[EventType "swiss"]
[EventRounds "9"]
[EventCountry "RUS"]
[SourceTitle "EXT 2017"]
[Source "ChessBase"]
[SourceDate "2016.10.25"]
[SourceVersion "1"]
[SourceVersionDate "2016.10.25"]
[SourceQuality "1"]

1. e4 e6 2. d4 c5 3. c3 d5 4. exd5 exd5 5. Nf3 cxd4 6. Nxd4 Nc6 7. Bf4 Bd6 8. Bxd6 Qxd6 9. Be2 Nf6 10. 0-0 0-0 11. Bf3 Be6 12. Re1 Rfe8 13. Qd2 h6 14. Na3 a6 15. Nac2 Rac8 16. Rad1 Ne5 17. Qf4 Nxf3+ 18. Qxf3 Bg4 19. Nf5 Qd7 20. Nxh6+ gxh6 21. Qxf6 Bxd1 22. Rxd1 Qe6 23. Qxe6 fxe6 24. Ne3 Rcd8 25. h3 Rd7 26. Ng4 Kg7 27. Ne5 Rc7 28. Nd3 Rc4 29. g3 Re4 30. Kf1 d4 31. Nf4 e5 32. Ne2 Rd8 33. Rd3 b5 34. Nc1 Rc8 35. Ne2 dxc3 36. Nxc3 Rec4 37. Rd7+ Kg8 38. a3 R8c7 39. Rd6 R4c6 40. Rd5 Re6 41. Rd8+ Kg7 42. Rd5 Kf7 43. Kg2 Ke7 44. Kf3 Rd7 45. Rc5 Rd3+ 46. Ke2 Rd7 47. Kf3 Rd2 48. b4 Red6 49. Rxe5+ Kf7 50. Rf5+ Kg6 51. Kg4 R6d4+ 52. f4 R2d3 53. Ne2 Re4 54. Ng1 Rxg3+ 55. Kxg3 Kxf5 56. h4 Re3+ 57. Nf3 Rxa3 58. h5 Rb3 59. Kg2 Kxf4 60. Nh4 Rxb4 61. Ng6+ Kg5 0-1

[Event "Voronezh op-B 20th"]
[Site "Voronezh"]
[Date "2016.06.12"]
[Round "1"]
[White "Popov, Oleg1111"]
[Black "Makarenko, Elizaveta"]
[Result "1-0"]
[WhiteElo "1940"]
[BlackElo "1266"]
[PlyCount "45"]
[EventDate "2016.06.12"]
[EventType "swiss"]
[EventRounds "9"]
[EventCountry "RUS"]
[SourceTitle "EXT 2017"]
[Source "ChessBase"]
[SourceDate "2016.10.25"]
[SourceVersion "1"]
[SourceVersionDate "2016.10.25"]
[SourceQuality "1"]

1. d4 Nf6 2. c4 e6 3. Nf3 d5 4. Nc3 c6 5. e3 Bb4 6. Qc2 Nbd7 7. Bd3 Bd6 8. 0-0 0-0 9. Rd1 Bc7 10. e4 dxe4 11. Nxe4 Nxe4 12. Bxe4 h6 13. Ne5 Qe7 14. Bf4 Nxe5 15. dxe5 c5 16. Rd2 Rb8 17. Rad1 b6 18. Qc3 Rd8 19. Qg3 Kh8 20. Qh3 g5 21. Qxh6+ Kg8 22. Qh7+ Kf8 23. Qh8# 1-0